<?xml version="1.0" encoding="UTF-8"?>
<resp>
  <nextPage>https://data.bn.org.pl/api/networks/bibs.marcxml?marc=001+b00001150003645&amp;sinceId=1150003646</nextPage>
  <collection>
    <record xmlns='http://www.loc.gov/MARC21/slim'><leader>01302namZa2200397ZiZ4500</leader><controlfield tag='001'>b00001150003645</controlfield><controlfield tag='005'>20260403094846.4</controlfield><controlfield tag='008'>230609s        pl           |000 0 pol c</controlfield><controlfield tag='009'>9913262110205606</controlfield><datafield ind1=' ' ind2=' ' tag='020'><subfield code='a'>8370202764</subfield></datafield><datafield ind1=' ' ind2=' ' tag='035'><subfield code='a'>KR_1KR_1_20120317231301023290-48omnis_kr</subfield></datafield><datafield ind1=' ' ind2=' ' tag='035'><subfield code='a'>KR_1_20120317231301023290</subfield><subfield code='9'>ExL</subfield></datafield><datafield ind1=' ' ind2=' ' tag='035'><subfield code='a'>(PL)b00001150003645</subfield></datafield><datafield ind1=' ' ind2=' ' tag='040'><subfield code='a'>KR_1</subfield><subfield code='c'>KR_1</subfield></datafield><datafield ind1='1' ind2=' ' tag='041'><subfield code='a'>pol</subfield><subfield code='h'>eng</subfield></datafield><datafield ind1='1' ind2=' ' tag='100'><subfield code='a'>Bright, Michael</subfield></datafield><datafield ind1='1' ind2='0' tag='245'><subfield code='a'>Wilgotne lasy równikowe /</subfield><subfield code='c'>M. Bright ; tł. Joanna i Marek Angiel ; [il. James Macdonald].</subfield></datafield><datafield ind1=' ' ind2=' ' tag='260'><subfield code='a'>Warszawa :</subfield><subfield code='b'>&quot;Almapress&quot;,</subfield><subfield code='c'>cop. 2000.</subfield></datafield><datafield ind1=' ' ind2=' ' tag='300'><subfield code='a'>32 s. :</subfield><subfield code='b'>rys. kolor. ;</subfield><subfield code='c'>22 cm.</subfield></datafield><datafield ind1='1' ind2=' ' tag='490'><subfield code='a'>Świat Wokół Nas</subfield></datafield><datafield ind1=' ' ind2=' ' tag='500'><subfield code='a'>dd</subfield></datafield><datafield ind1=' ' ind2=' ' tag='504'><subfield code='a'>Indeks.</subfield></datafield><datafield ind1=' ' ind2='9' tag='650'><subfield code='a'>Środowisko człowieka</subfield><subfield code='x'>higiena i ochrona</subfield><subfield code='v'>materiały pomocnicze dla szkół</subfield></datafield><datafield ind1='1' ind2=' ' tag='700'><subfield code='a'>Angiel, Marek.</subfield><subfield code='e'>Tł.</subfield></datafield><datafield ind1='1' ind2=' ' tag='700'><subfield code='a'>MacDonald, James</subfield><subfield code='e'>Il.</subfield></datafield><datafield ind1='1' ind2=' ' tag='700'><subfield code='a'>Angiel, Joanna</subfield><subfield code='e'>Tł.</subfield></datafield><datafield ind1=' ' ind2=' ' tag='852'><subfield code='b'>48OMNIS_NETWORK</subfield><subfield code='8'>9913262110205606</subfield></datafield><datafield ind1=' ' ind2=' ' tag='852'><subfield code='b'>48OMNIS_KR</subfield><subfield code='8'>991000036439708216</subfield></datafield><datafield ind1=' ' ind2=' ' tag='852'><subfield code='b'>48OMNIS_TL</subfield><subfield code='8'>991000100219608218</subfield></datafield><datafield ind1=' ' ind2=' ' tag='852'><subfield code='8'>229991390008216</subfield><subfield code='j'>1</subfield><subfield code='b'>KR_2_1</subfield><subfield code='p'>KR_2_10003835</subfield><subfield code='c'>KR_2_1_1</subfield></datafield><datafield ind1=' ' ind2=' ' tag='920'><subfield code='a'>83-7020-276-4</subfield></datafield></record>
  </collection>
</resp>
